DC Dutta's Textbook of Gynecology (Record no. 370718)

MARC details
000 -LEADER
fixed length control field 00739nam a2200229 4500
005 - DATE AND TIME OF LATEST TRANSACTION
control field 20260312140440.0
008 - FIXED-LENGTH DATA ELEMENTS--GENERAL INFORMATION
fixed length control field 260312b |||||||| |||| 00| 0 eng d
020 ## - INTERNATIONAL STANDARD BOOK NUMBER
International Standard Book Number 978-93-5696-855-4
041 ## - LANGUAGE CODE
Language code of text/sound track or separate title English
082 ## - DEWEY DECIMAL CLASSIFICATION NUMBER
Edition number 9th ed.
Classification number OG 618.1 KON B12472
100 ## - MAIN ENTRY--PERSONAL NAME
Author Konar, Hiralal
245 ## - TITLE STATEMENT
Title DC Dutta's Textbook of Gynecology
250 ## - EDITION STATEMENT
Edition statement 9th ed. /RP2025
260 ## - PUBLICATION, DISTRIBUTION, ETC.
Place of publication, distribution, etc. New Delhi
Name of publisher, distributor, etc. Jaypee Brothers
Date of publication, distribution, etc. 2024
300 ## - PHYSICAL DESCRIPTION
Extent xxviii,660p.
Other physical details Pb
Dimensions 26.5x21cm
365 ## - TRADE PRICE
Price type code Rupaye
Price amount 1350
Currency code INR
500 ## - GENERAL NOTE
Keywords Midwifery
521 ## - TARGET AUDIENCE NOTE
Target audience note DC Dutta's Textbook of Gynecology <br/>Videos, Animations, Case presentations MCQ and high yield topics for NEET/NEXT
650 ## - SUBJECT ADDED ENTRY--TOPICAL TERM
Topical term or geographic name entry element Gynecology
651 ## - SUBJECT ADDED ENTRY--GEOGRAPHIC NAME
Geographic name Gynecology
942 ## - ADDED ENTRY ELEMENTS (KOHA)
Koha item type Book Bank

No items available.